Handbook on emerging issues in corporate governance

Bibliographic Details
Main Author: Tourani-Rad, Alireza.
Corporate Author: ProQuest (Firm)
Other Authors: Ingley, Coral.
Format: Electronic eBook
Language:English
Published: Hackensack, N.J. : World Scientific, 2011.
Subjects:
Online Access:Click to View
LEADER 01294nam a2200349 a 4500
001 EBC731158
003 MiAaPQ
005 20200520144314.0
006 m o d |
007 cr cn|||||||||
008 110713s2011 njuad sb 001 0 eng d
020 |z 9814289345 
020 |z 9789814289344 
020 |a 9789814289351 (electronic bk.) 
035 |a (MiAaPQ)EBC731158 
035 |a (Au-PeEL)EBL731158 
035 |a (CaPaEBR)ebr10480097 
035 |a (CaONFJC)MIL314397 
035 |a (OCoLC)741778846 
040 |a MiAaPQ  |c MiAaPQ  |d MiAaPQ 
050 4 |a HD2741  |b .T68 2011 
100 1 |a Tourani-Rad, Alireza. 
245 1 0 |a Handbook on emerging issues in corporate governance  |h [electronic resource] /  |c edited by Alireza Tourani-Rad, Coral Ingley. 
260 |a Hackensack, N.J. :  |b World Scientific,  |c 2011. 
300 |a xi, 303 p. :  |b ill. 
504 |a Includes bibliographical references and index. 
533 |a Electronic reproduction. Ann Arbor, MI : ProQuest, 2015. Available via World Wide Web. Access may be limited to ProQuest affiliated libraries. 
650 0 |a Corporate governance. 
655 4 |a Electronic books. 
700 1 |a Ingley, Coral. 
710 2 |a ProQuest (Firm) 
856 4 0 |u https://ebookcentral.proquest.com/lib/matrademy/detail.action?docID=731158  |z Click to View